000 00334nam a2200133 i 4500
001 bg
245 0 _aPolityka gospodarcza PRL :
_bwybrane problemy /
_cpod red. Janusza Górskiego.
250 _aWyd.3 uzup.
260 _aWarszawa,
_c1974.
040 _cBPK
041 _apol
942 _cKS
008 s pl f |000 0 pol
999 _c7707
_d7707
856 _uhttp://koha.tu.koszalin.pl/cgi-bin/koha/opac-detail.pl?biblionumber=7707
_yKatalog online BPK